[Event "SVK-ch U14"]
[Site "Liptovsky Mikulas"]
[Date "2007.04.25"]
[Round "6"]
[White "Uhrin, Rastislav"]
[Black "Chilla, Radoslav"]
[Result "0-1"]
[WhiteElo "1401"]
[BlackElo "1406"]
[PlyCount "68"]
[EventDate "2007.04.22"]
[EventType "swiss"]
[EventRounds "9"]
[EventCountry "SVK"]
[SourceTitle "EXT 2008"]
[Source "ChessBase"]
[SourceDate "2007.11.25"]
[SourceVersion "1"]
[SourceVersionDate "2007.11.25"]
[SourceQuality "1"]

1. e4 e5 2. Nf3 Nc6 3. d4 exd4 4. Bc4 h6 5. Nxd4 Bc5 6. Be3 Nxd4 7. Bxd4 Bxd4 8. Qxd4 Qg5 9. 0-0 d6 10. Kh1 Ne7 11. Nc3 Bd7 12. f4 Nc6 13. Qd3 Qc5 14. a3 Qd4 15. Rad1 Qxd3 16. Rxd3 0-0 17. b4 Ne7 18. Nb5 Rfc8 19. Nc3 a6 20. e5 Kf8 21. a4 Ke8 22. Rfd1 Bf5 23. R3d2 dxe5 24. Bd3 Bxd3 25. Rxd3 exf4 26. Rf1 Rd8 27. Rxd8+ Rxd8 28. Rxf4 Rd2 29. h3 Rxc2 30. Rf3 Rb2 31. Re3 c6 32. Re4 Rb3 33. Ne2 Kd7 34. Kh2 Nd5 0-1

[Event "SVK-ch U14"]
[Site "Liptovsky Mikulas"]
[Date "2007.04.23"]
[Round "3"]
[White "Mraz, Martin"]
[Black "Uhrin, Rastislav"]
[Result "1-0"]
[WhiteElo "1658"]
[BlackElo "1401"]
[PlyCount "81"]
[EventDate "2007.04.22"]
[EventType "swiss"]
[EventRounds "9"]
[EventCountry "SVK"]
[SourceTitle "EXT 2008"]
[Source "ChessBase"]
[SourceDate "2007.11.25"]
[SourceVersion "1"]
[SourceVersionDate "2007.11.25"]
[SourceQuality "1"]

1. e4 c5 2. Nf3 Nc6 3. d4 cxd4 4. Nxd4 Nf6 5. Nc3 e5 6. Ndb5 d6 7. Bg5 a6 8. Na3 b5 9. Nd5 Be7 10. Bxf6 Bxf6 11. c3 Bb7 12. Nc2 0-0 13. a4 bxa4 14. Rxa4 Bg5 15. b4 Ne7 16. Bc4 Nxd5 17. Bxd5 Bxd5 18. Qxd5 Qc7 19. Ra3 Rfd8 20. 0-0 Qb6 21. Rfa1 Ra7 22. Ne1 Bh4 23. g3 Bg5 24. Kg2 Bh6 25. Nf3 g6 26. Qa2 Rda8 27. h3 Bf8 28. Nh2 Bh6 29. Ng4 Bg7 30. Ne3 Bh8 31. Nd5 Qb7 32. c4 Bg7 33. b5 a5 34. Qd2 f5 35. f3 Kf7 36. Rxa5 Bf6 37. Nxf6 Kxf6 38. Qxd6+ Kf7 39. Rxa7 Rxa7 40. Qd5+ Kf8 41. Qc5+ 1-0

[Event "SVK-ch U12"]
[Site "Brezova pod Bradlom"]
[Date "2006.03.05"]
[Round "1"]
[White "Straka, Jozef1111"]
[Black "Uhrin, Rastislav"]
[Result "1-0"]
[WhiteElo "1931"]
[BlackElo "1384"]
[PlyCount "61"]
[EventDate "2006.03.05"]
[EventType "swiss"]
[EventRounds "9"]
[EventCountry "SVK"]
[SourceTitle "EXT 2008"]
[Source "ChessBase"]
[SourceDate "2007.11.25"]
[SourceVersion "1"]
[SourceVersionDate "2007.11.25"]
[SourceQuality "1"]

1. e4 c5 2. Nf3 Nc6 3. d4 cxd4 4. Nxd4 Nf6 5. Nc3 e5 6. Ndb5 d6 7. Bg5 a6 8. Na3 h6 9. Bxf6 gxf6 10. Nd5 Bg7 11. c3 f5 12. Bd3 fxe4 13. Bxe4 Be6 14. 0-0 Bxd5 15. Bxd5 Qd7 16. Nc4 Qc7 17. Bxc6+ Qxc6 18. Nxd6+ Kf8 19. Nf5 Bf6 20. Qb3 Qd7 21. Ne3 Rg8 22. Rad1 Qc6 23. Rd5 Rd8 24. Rfd1 Ke7 25. Qb4+ Ke8 26. Qe4 Qb6 27. Rxd8+ Bxd8 28. Qxe5+ Kf8 29. Qb8 Kg7 30. Nf5+ Kh7 31. Rd6 1-0